000 00802nam a22002057a 4500
999 _c16540
_d16540
003 AR-CdUCM
008 190503b ||||| |||| 00| 0 spa d
040 _aMUNICIPALIDAD PROVINCIAL DEL CUSCO
_cBIBLIOTECA MUNICIPAL DEL CUSCO
082 _a301.151 /
_bK89
100 _aKudó, Tokihiro.
_936036
245 _aHacia una cultura nacional popular /
260 _aLima :
_bDESCO,
_c1982.
300 _a144 páginas ;
_c20 cm.
505 _aContenido: Acercamiento a la cultura popular -- El problema nacional en el Perú -- Algunas notas para el debate actual -- Notas finales para no concluir. Debate actual. Hacia una cultura nacional popular.
650 _aCultura
_9126
650 _aSociología
_9276
650 _aEnsayos, conferencias
_91255
942 _2ddc
_cLIBROS
945 _adavv
_d03/05/2019